000 00241 a2200097 4500
001 59721
100 _a
245 _aDesigning and Building Business Applications; Oracle 9i
260 _aNew York
_bMc Graw Hill
_c2005
090 _c36603
_d36603
942 _aNUST-CAE
_c
_c29562
999 _c294794
_d294794